000 00663nam a2200241Ia 4500
003 OSt
005 20221007073458.0
006 a|||||r|||| 00| 0
007 ta
008 221006b |||||||| |||| 00| 0 eng d
024 _a3,304
037 _cTextual
040 _aFLL
_cFLL
_beng
041 _2eng
_aeng
082 _aZ2:3, M4.2
100 _aRamachandran V.G. Au.
245 0 _aLaw of contract in India
_b A comparative study
250 _a2nd
260 _aLucknow
_bEastern Book Company India
_c1984
650 _aLaw of contract
_9681440
942 _hZ2:3, M4.2
_cTEXL
_2CC
999 _c1148869
_d1148869